| 000 | 00825nam a22002177a 4500 | ||
|---|---|---|---|
| 005 | 20100816120053.0 | ||
| 010 | _aENG-100608 | ||
| 020 |
_a9788180694417 _c150.00 |
||
| 020 |
_a8180694410 _c150.00 |
||
| 035 | _aEN-84141 | ||
| 037 | _bDBAD/PUB | ||
| 082 | _a301.153 | ||
| 100 |
_aMishra, Anil Dutta _913841 |
||
| 245 |
_aInspiring thoughts of Mahatma Gandhi : _bGandhi in daily life / _cby Anil Dutta Mishra [and] Ravi Gupta |
||
| 260 |
_aNew Delhi _bConcept Publishing _c2008 |
||
| 270 |
_aA-15-16, Commercial Block, Mohan Garden _bNew Delhi _e110059 |
||
| 300 |
_axviii,310p. _c18cm (Hb) |
||
| 700 |
_aGupta, Ravi _913842 |
||
| 942 |
_2ddc _cEN _h301.153 _mMIS |
||
| 999 |
_c42093 _d42093 |
||